|
|
|
|
| LEADER |
00990cam a22002891a 4500 |
| 001 |
000035143 |
| 003 |
11412 |
| 005 |
20241009101030.0 |
| 008 |
151104s2007 vm 000 eng |
| 041 |
|
|
|a eng
|
| 082 |
|
|
|a 420.8
|b FI-N
|
| 100 |
|
|
|a Nina Filipek & John Oldstone
|
| 245 |
|
0 |
|a I can Learn: Reading Activities – Vui học Đọc /
|c Nina Filipek & John Oldstone.
|
| 260 |
|
|
|a Tổng Hợp TPHCM,
|c 2007.
|
| 300 |
|
|
|a 144tr.
|
| 650 |
|
|
|a I can Learn
|
| 653 |
|
|
|a Reading Activities
|a Vui học Đọc
|
| OWN |
|
|
|a LNN
|
| AVA |
|
|
|a UDN50
|b LNN
|c English
|d 420.8 FI-N
|e available
|t Error 5001 Not defined in file expand_doc_bib_avail.
|f 2
|g 0
|h N
|i 0
|j AN
|k 1
|
| 999 |
|
|
|a From the UDN01
|
| AVA |
|
|
|a UDN50
|b LNN
|c English
|d 420.8 FI-N
|e available
|t Error 5001 Not defined in file expand_doc_bib_avail.
|f 2
|g 0
|h N
|i 0
|j AN
|k 1
|
| TYP |
|
|
|a Monograph
|
| TYP |
|
|
|a Printed language
|
| 980 |
|
|
|a Mạng thư viện Đại học Đà Nẵng
|